[Event "Vienna op 18th"]
[Site "Vienna"]
[Date "2013.08.17"]
[Round "1"]
[White "Buhmann, Rainer"]
[Black "Monschein, Wolfgang"]
[Result "1-0"]
[WhiteElo "2583"]
[BlackElo "2113"]
[PlyCount "51"]
[EventDate "2013.08.17"]
[EventType "swiss"]
[EventRounds "9"]
[EventCountry "AUT"]
[SourceTitle "CBM 156 Extra"]
[Source "ChessBase"]
[SourceDate "2013.10.22"]
[SourceVersion "1"]
[SourceVersionDate "2013.10.22"]
[SourceQuality "1"]

1. Nf3 f5 2. g3 Nf6 3. Bg2 Nc6 4. d4 e6 5. 0-0 d5 6. c4 Be7 7. Nc3 0-0 8. Bf4 Ne4 9. cxd5 exd5 10. Nb5 Nd6 11. Nxd6 Bxd6 12. Rc1 Be6 13. Ng5 Qd7 14. Nxe6 Qxe6 15. Qb3 Ne7 16. Bxd6 Qxd6 17. Qxb7 c6 18. Qb3 f4 19. Rc5 Rf6 20. e4 fxe3 21. Qxe3 Re6 22. Qd2 Rf8 23. b4 Re8 24. a4 Nc8 25. b5 cxb5 26. Bxd5 1-0

[Event "Niederoesterreich Landesliga 0607"]
[Site "Austria"]
[Date "2007.01.28"]
[Round "8"]
[White "Monschein, Wolfgang"]
[Black "Wagner, Stefan"]
[Result "1-0"]
[WhiteElo "2150"]
[BlackElo "1986"]
[PlyCount "69"]
[EventDate "2006.09.17"]
[EventType "team-tourn"]
[EventRounds "11"]
[EventCountry "AUT"]
[SourceTitle "EXT 2022"]
[Source "ChessBase"]
[SourceDate "2021.10.06"]
[SourceVersion "1"]
[SourceVersionDate "2021.10.06"]
[SourceQuality "1"]

1. e4 e5 2. Nc3 Nc6 3. f4 d6 4. Nf3 Bg4 5. Bc4 Nd4 6. 0-0 Bxf3 7. gxf3 exf4 8. Nd5 g5 9. c3 Ne6 10. Qb3 Nc5 11. Bb5+ c6 12. Qc4 a6 13. Ba4 b5 14. Qd4 f6 15. Bc2 cxd5 16. exd5 Kf7 17. b4 Nd7 18. Qe4 Qe7 19. Qf5 Nh6 20. Qh3 Ne5 21. a4 Nc4 22. d4 Nb6 23. axb5 axb5 24. Rxa8 Nxa8 25. Bd2 Nc7 26. Re1 Qd8 27. Qh5+ Kg7 28. h4 Be7 29. hxg5 fxg5 30. Re2 Qe8 31. Qh3 Qf7 32. Bxf4 gxf4 33. Rg2+ Ng4 34. Rxg4+ Bg5 35. Rxg5+ 1-0

[Event "Niederoesterreich Landesliga 0607"]
[Site "Austria"]
[Date "2006.11.12"]
[Round "5"]
[White "Monschein, Wolfgang"]
[Black "Stadler, Peter"]
[Result "0-1"]
[WhiteElo "2150"]
[BlackElo "2113"]
[PlyCount "76"]
[EventDate "2006.09.17"]
[EventType "team-tourn"]
[EventRounds "11"]
[EventCountry "AUT"]
[SourceTitle "EXT 2022"]
[Source "ChessBase"]
[SourceDate "2021.10.06"]
[SourceVersion "1"]
[SourceVersionDate "2021.10.06"]
[SourceQuality "1"]

1. e4 c5 2. Nc3 Nc6 3. g3 g6 4. Bg2 Bg7 5. d3 e6 6. Nge2 Nge7 7. Be3 Nd4 8. 0-0 0-0 9. Qd2 d6 10. Rae1 Bd7 11. Nd1 Rb8 12. g4 f5 13. exf5 gxf5 14. g5 Ng6 15. f4 Bc6 16. Bxc6 bxc6 17. c3 Nxe2+ 18. Rxe2 e5 19. fxe5 f4 20. Rxf4 Qxg5+ 21. Rg2 Qxe5 22. Re4 Qf5 23. Qe2 d5 24. Reg4 Rbe8 25. Rg5 Qe6 26. Qg4 Bh6 27. Qxe6+ Rxe6 28. R5g3 d4 29. Bf2 Re2 30. cxd4 cxd4 31. Rxg6+ hxg6 32. Rxg6+ Kh7 33. Rxc6 Rd2 34. Rc7+ Kg6 35. Rc6+ Kh5 36. Nc3 dxc3 37. Rc5+ Kg4 38. Rc4+ Kf3 0-1

[Event "AUT-chT2O 0102"]
[Site "Austria"]
[Date "2001.11.18"]
[Round "5.5"]
[White "Monschein, Wolfgang"]
[Black "Posch, Werner"]
[Result "1/2-1/2"]
[WhiteElo "2117"]
[BlackElo "2251"]
[PlyCount "57"]
[EventDate "2001.11.??"]
[EventType "team"]
[EventRounds "11"]
[EventCountry "AUT"]
[SourceTitle "EXT 2003"]
[Source "ChessBase"]
[SourceDate "2002.11.25"]
[SourceVersion "1"]
[SourceVersionDate "2002.11.25"]
[SourceQuality "1"]

1. e4 Nf6 2. e5 Nd5 3. d4 d6 4. Nf3 c6 5. Bc4 dxe5 6. Nxe5 Nd7 7. Nd3 N7b6 8. Bb3 Bf5 9. 0-0 e6 10. Re1 Be7 11. c3 0-0 12. Bc2 a5 13. Nd2 a4 14. a3 Nd7 15. Ne4 b5 16. Ng3 Bg6 17. Ne5 Nxe5 18. Rxe5 Bd6 19. Rg5 Nf4 20. Rg4 Qc7 21. Qf3 Nd5 22. Bxg6 fxg6 23. Qe2 Rae8 24. Re4 Qf7 25. Bd2 Nb6 26. Re1 Nc4 27. Bc1 e5 28. f4 exf4 29. Rxe8 1/2-1/2

[Event "AUT-chT2O 0001"]
[Site "Austria"]
[Date "2001.??.??"]
[Round "6"]
[White "Steinert, Martin"]
[Black "Monschein, Wolfgang"]
[Result "0-1"]
[WhiteElo "2130"]
[BlackElo "2105"]
[PlyCount "120"]
[EventDate "2000.??.??"]
[EventType "team"]
[EventRounds "11"]
[EventCountry "AUT"]
[SourceTitle "EXT 2003"]
[Source "ChessBase"]
[SourceDate "2002.11.25"]
[SourceVersion "1"]
[SourceVersionDate "2002.11.25"]
[SourceQuality "1"]

1. d4 Nf6 2. c4 e6 3. Nf3 b6 4. a3 Bb7 5. Nc3 Be7 6. d5 d6 7. e4 e5 8. Bd3 0-0 9. 0-0 a5 10. Rb1 Nbd7 11. Bc2 g6 12. Ne1 Nh5 13. g3 Bg5 14. f4 Bh6 15. Ng2 exf4 16. gxf4 Qe7 17. Qf3 Rae8 18. Be3 Bg7 19. Bf2 Bc8 20. Rbe1 Ba6 21. Qe2 f5 22. Qd3 fxe4 23. Rxe4 Qf7 24. Rxe8 Rxe8 25. Be3 Nc5 26. Bxc5 bxc5 27. Ne4 Bd4+ 28. Kh1 Rxe4 29. Qxe4 Bxc4 30. Ne3 Bxe3 31. Qxc4 Bxf4 32. Bd1 g5 33. Bg4 Kg7 34. Qc3+ Nf6 35. Be6 Qh5 36. h3 Qg6 37. Re1 Be5 38. Qxa5 Qd3 39. Rxe5 Qf3+ 40. Kh2 Qf2+ 41. Kh1 Qf1+ 42. Kh2 Qf4+ 43. Kg2 Qxe5 44. Qxc7+ Kh6 45. Qf7 Qxb2+ 46. Kf1 Qc1+ 47. Kg2 Qd2+ 48. Kf1 Qd1+ 49. Kg2 Qe2+ 50. Kg1 Qe3+ 51. Kg2 Qe4+ 52. Kg1 Qg6 53. Qf8+ Qg7 54. Qxd6 Ne4 55. Qa6 Qd4+ 56. Kh1 Qd1+ 57. Kg2 Qd2+ 58. Kf3 Qf4+ 59. Ke2 Qf2+ 60. Kd3 Qf1+ 0-1

[Event "AUT-chT2O 0001"]
[Site "Austria"]
[Date "2000.??.??"]
[Round "?"]
[White "Monschein, Wolfgang"]
[Black "Koller, Hubert"]
[Result "1/2-1/2"]
[WhiteElo "2135"]
[BlackElo "2136"]
[PlyCount "38"]
[EventDate "2000.??.??"]
[EventType "team"]
[EventRounds "11"]
[EventCountry "AUT"]
[SourceTitle "EXT 2002"]
[Source "ChessBase"]
[SourceDate "2001.11.25"]
[SourceVersion "1"]
[SourceVersionDate "2001.11.25"]
[SourceQuality "1"]

1. e4 e5 2. Nc3 c6 3. f4 d6 4. Nf3 Nd7 5. Bc4 Be7 6. 0-0 exf4 7. d4 g5 8. Bxf7+ Kxf7 9. Nxg5+ Bxg5 10. Qh5+ Kg7 11. Bxf4 Bxf4 12. Rxf4 Ngf6 13. Qg5+ Kf7 14. Raf1 h6 15. Qh4 Kg7 16. e5 dxe5 17. Qg3+ Kh7 18. Qd3+ Kg7 19. Qg3+ Kh7 1/2-1/2

[Event "AUT-chT2O 0001"]
[Site "Austria"]
[Date "2000.??.??"]
[Round "?"]
[White "Schirmbeck, Hannes"]
[Black "Monschein, Wolfgang"]
[Result "0-1"]
[WhiteElo "2178"]
[BlackElo "2135"]
[PlyCount "100"]
[EventDate "2000.??.??"]
[EventType "team"]
[EventRounds "11"]
[EventCountry "AUT"]
[SourceTitle "EXT 2002"]
[Source "ChessBase"]
[SourceDate "2001.11.25"]
[SourceVersion "1"]
[SourceVersionDate "2001.11.25"]
[SourceQuality "1"]

1. e4 c6 2. d3 d5 3. Nd2 e5 4. Ngf3 Bd6 5. g3 Ne7 6. Bg2 0-0 7. 0-0 f5 8. Re1 Qc7 9. c4 fxe4 10. dxe4 d4 11. Ng5 h6 12. Nh3 Be6 13. f3 Nd7 14. Nf2 Rad8 15. Nd3 Nc5 16. Qc2 Nc8 17. Rf1 Rd7 18. Nxc5 Bxc5 19. Qd3 Nb6 20. b3 Rdf7 21. Kh1 Nd7 22. Rb1 a5 23. a3 Qd6 24. Ra1 Bb6 25. b4 c5 26. b5 Bd8 27. Nb3 a4 28. Nd2 Nb6 29. Ra2 Bg5 30. Rc2 Qd7 31. Nb1 Bxc1 32. Rcxc1 Rf6 33. Nd2 Qf7 34. Rc2 g5 35. Rcc1 Kg7 36. Kg1 Qh5 37. Kh1 Qf7 38. Kg1 h5 39. Kh1 g4 40. f4 exf4 41. e5 Rf5 42. Be4 f3 43. Bxf5 Bxf5 44. Ne4 Qg6 45. Rce1 Re8 46. Qd2 Bxe4 47. Qf4 Bd3 48. e6 Bxf1 49. Qc7+ Kg8 50. e7 f2 0-1